События Года — 2021 - Statistics

General Stats
  • This quiz has been taken 43 times
  • The average score is 9 of 18
Answer Stats
Подсказка Ответ % Correct
Этот человек становится старейшим президентом США Джо Байден
89%
Этот оппозиционер возвращается из Берлина в Россию, где арестовывается Алексей Навальный
80%
В школе № 175 этого российского города происходит стрельба Казань
74%
Проходит волна популярности этой детской игрушки-антистресса из резины Поп-ит
74%
США и НАТО выводят войска из этой страны... Афганистан
71%
Эта престижный гид впервые присваивает звезды ресторанам России Мишлен
66%
А этот — первой женщиной на должности вице-президента США Камала Харрис
57%
Контейнеровоз Ever Given попадает в аварию, перегородив этот важный судоходный путь Суэцкий канал
54%
Что приводит к захвату власти в стране этой группировкой... "Талибан"
51%
Это здание в Вашингтоне захватывается протестующими Капитолий
49%
Летняя Олимпиада, перенесённая с прошлого года, проводится в этом городе Токио
40%
Песня из диснеевского мультфильма "Энканто" стремительно обретает популярность Не упоминай {Бруно}
40%
Умирает муж королевы Елизаветы II Филипп
31%
Adobe прекращает поддержку этого плагина Adobe {Flash Player}
31%
Сальвадор принимает эту криптовалюту в качестве официальной Биткойн
26%
Эта эстрадная артистка выступает на сцене МХАТа Ольга Бузова
20%
Военная хунта вновь приходит к власти в этой стране, начав гражданскую войну Мьянма
14%
Всемирная выставка, также перенесённая с прошлого года, проводится в этом городе Дубай
9%
No matching quizzes found
Score Distribution
Percent of People with Each Score
Percentile by Number Answered
Your Score History
You have not taken this quiz